书目信息 |
| 题名: |
动漫人体结构与造型训练
|
|
| 作者: | 释开达 编著 | |
| 分册: | ||
| 出版信息: | 北京 人民邮电出版社 2022 |
|
| 页数: | 184页 | |
| 开本: | 29cm | |
| 丛书名: | ||
| 单 册: | ||
| 中图分类: | J218.7 | |
| 科图分类: | ||
| 主题词: | 动画--人物画技法 | |
| 电子资源: | ||
| ISBN: | 978-7-115-57360-5 | |
| 000 | 01035nam0 2200217 450 | |
| 001 | 2232355966 | |
| 005 | 20220929085929.63 | |
| 010 | @a978-7-115-57360-5@dCNY108.00 | |
| 100 | @a20220422d2022 em y0chiy50 ea | |
| 101 | 0 | @achi |
| 102 | @aCN@b110000 | |
| 105 | @aa z 000yy | |
| 200 | 1 | @a动漫人体结构与造型训练@9dong man ren ti jie gou yu zao xing xun lian@f释开达编著 |
| 210 | @a北京@c人民邮电出版社@d2022 | |
| 215 | @a184页@c图@d29cm | |
| 330 | @a这是一本讲解动漫人体结构与造型的专业教程和专项训练指南。本书内容系统、全面,涵盖绘制人体结构所要做的准备,躯干、头颈和四肢的绘制练习(包括基本结构、透视结构、动态、肌肉结构和综合练习),人体比例与全身肌肉的绘制练习,以及人体造型的综合绘制练习(包括人体动作分级练习、人体创作案例解析和不同人物角色的绘制练习)。每一部分的知识讲解都配有相应的练习内容,每一章都有“学习检测”版块,可以更好地帮助初学者快速掌握基础知识,边学边练。 | |
| 606 | 0 | @a动画@x人物画技法 |
| 690 | @aJ218.7@v5 | |
| 701 | 0 | @a释开达@9shi kai da@4编著 |
| 801 | 0 | @aCN@b91MARC@c20220525 |
| 905 | @aZUCC@dJ218.7@e15 | |
| 动漫人体结构与造型训练/释开达编著.-北京:人民邮电出版社,2022 |
| 184页:图;29cm |
| ISBN 978-7-115-57360-5:CNY108.00 |
| 这是一本讲解动漫人体结构与造型的专业教程和专项训练指南。本书内容系统、全面,涵盖绘制人体结构所要做的准备,躯干、头颈和四肢的绘制练习(包括基本结构、透视结构、动态、肌肉结构和综合练习),人体比例与全身肌肉的绘制练习,以及人体造型的综合绘制练习(包括人体动作分级练习、人体创作案例解析和不同人物角色的绘制练习)。每一部分的知识讲解都配有相应的练习内容,每一章都有“学习检测”版块,可以更好地帮助初学者快速掌握基础知识,边学边练。 |
| ● |
| 相关链接 |
|
|
|
正题名:动漫人体结构与造型训练
索取号:J218.7/15
 
预约/预借
| 序号 | 登录号 | 条形码 | 馆藏地/架位号 | 状态 | 备注 |
| 1 | 2000905828 | 2000905828 | 第三书库/ [索取号:J218.7/15] |
已借出,限还日期为2026.01.10 借出人:黄柯钧 |
|
| 2 | 2000905829 | 2000905829 | 第三书库/ [索取号:J218.7/15] | 在馆 | |
| 3 | 2000905830 | 2000905830 | 第三书库/ [索取号:J218.7/15] | 在馆 |